[Event "RUS-chT 13th"]
[Site "Sochi"]
[Date "2006.04.20"]
[Round "1"]
[White "Kharlov, Andrei"]
[Black "Popov, Valerij"]
[Result "1-0"]
[WhiteElo "2555"]
[BlackElo "2587"]
[PlyCount "172"]
[EventDate "2006.04.20"]
[EventType "team"]
[EventRounds "11"]
[EventCountry "RUS"]
[SourceTitle "CBM 111 ext"]
[Source "ChessBase"]
[SourceDate "2006.05.09"]
[SourceVersion "1"]
[SourceVersionDate "2006.05.09"]
[SourceQuality "1"]

1. e4 c5 2. Nf3 d6 3. d4 cxd4 4. Nxd4 Nf6 5. Nc3 a6 6. Be3 Ng4 7. Bc1 Nf6 8.
Be2 e5 9. Nb3 Be7 10. O-O O-O 11. Re1 b6 12. Bg5 Bb7 13. Bxf6 Bxf6 14. Bc4 Nc6
15. Bd5 Bg5 16. a3 Qc7 17. Qd3 g6 18. Rad1 Rad8 19. Na2 Rd7 20. Re2 Kg7 21. Nb4
Nxb4 22. axb4 Bc8 23. c3 Rdd8 24. Na1 f5 25. exf5 gxf5 26. Nc2 Rf6 27. b5 a5
28. Bc6 f4 29. c4 Bg4 30. Ne1 Bxe2 31. Qxe2 Kh8 32. Nf3 Qg7 33. Be4 Rc8 34. Rd5
Bh6 35. Qd3 Rg8 36. Ne1 Qc7 37. b3 Bf8 38. Kf1 Qg7 39. h3 Be7 40. Bf3 Rc8 41.
Qe2 Bf8 42. Rd1 Be7 43. Bd5 Rg6 44. Nc2 Rg8 45. Qf3 Rf8 46. Kg1 Bh4 47. Be4 Rh6
48. Ne1 Qc7 49. Qe2 Rg8 50. Nd3 Bd8 51. Qf3 Qc8 52. Kh2 Bc7 53. Nb2 Qg4 54.
Qxg4 Rxg4 55. Rd5 f3 56. Bxf3 Rgh4 57. Kg1 Rf4 58. Nd3 Rf8 59. Be4 Rh4 60. f3
Kg7 61. Nf2 Rhf4 62. Nd1 h5 63. Nc3 h4 64. Rd3 R4f7 65. Kf1 Kh6 66. Nd5 Bd8 67.
Ne3 Bc7 68. Nd5 Bd8 69. b4 Ra7 70. bxa5 Rxa5 71. Nxb6 Ra1+ 72. Ke2 Ra2+ 73. Kd1
Bxb6 74. Rxd6+ Kg5 75. Rxb6 Kf4 76. Rd6 Rc8 77. Bd5 Rc7 78. Rf6+ Ke3 79. f4 Kd3
80. Ra6 Ra7 81. Rxa7 Rxa7 82. Kc1 e4 83. b6 Ra4 84. b7 Rb4 85. c5 Kd4 86. c6
Kc3 1-0

[Event "RUS-chT 13th"]
[Site "Sochi"]
[Date "2006.04.21"]
[Round "2"]
[White "Turov, Maxim"]
[Black "Kharlov, Andrei"]
[Result "1-0"]
[WhiteElo "2539"]
[BlackElo "2555"]
[PlyCount "85"]
[EventDate "2006.04.20"]
[EventType "team"]
[EventRounds "11"]
[EventCountry "RUS"]
[SourceTitle "CBM 111 ext"]
[Source "ChessBase"]
[SourceDate "2006.05.09"]
[SourceVersion "1"]
[SourceVersionDate "2006.05.09"]
[SourceQuality "1"]

1. d4 Nf6 2. c4 e6 3. Nc3 Bb4 4. Qc2 O-O 5. a3 Bxc3+ 6. Qxc3 b6 7. Bg5 Ba6 8.
Qf3 Nc6 9. e3 Na5 10. Rc1 c5 11. d5 exd5 12. cxd5 Bxf1 13. Kxf1 Re8 14. Bxf6
Qxf6 15. Qxf6 gxf6 16. Ne2 Re5 17. Nf4 Nb3 18. Rc3 c4 19. Ke2 b5 20. Rd1 Nc5
21. g4 f5 22. g5 Kh8 23. h4 d6 24. Nh5 Rc8 25. f4 Re7 26. Ng3 Ne4 27. Nxf5
Nxc3+ 28. bxc3 Rd7 29. e4 Rb8 30. Ke3 Rb6 31. Kd4 Ra6 32. Rb1 Ra5 33. a4 a6 34.
axb5 axb5 35. Rb4 Kg8 36. e5 dxe5+ 37. fxe5 h5 38. d6 Kf8 39. Kd5 Rb7 40. Nd4
Ra4 41. Rxb5 Rxb5+ 42. Nxb5 Ke8 43. g6 1-0

[Event "RUS-chT 13th"]
[Site "Sochi"]
[Date "2006.04.22"]
[Round "3"]
[White "Kharlov, Andrei"]
[Black "Yakovich, Yuri"]
[Result "0-1"]
[WhiteElo "2555"]
[BlackElo "2570"]
[PlyCount "72"]
[EventDate "2006.04.20"]
[EventType "team"]
[EventRounds "11"]
[EventCountry "RUS"]
[SourceTitle "CBM 111 ext"]
[Source "ChessBase"]
[SourceDate "2006.05.09"]
[SourceVersion "1"]
[SourceVersionDate "2006.05.09"]
[SourceQuality "1"]

1. Nf3 d5 2. b3 Bg4 3. e3 e6 4. Bb2 Nd7 5. h3 Bh5 6. d3 Ngf6 7. Nbd2 Bd6 8. g4
Bg6 9. Nh4 Qe7 10. g5 Nh5 11. Rg1 h6 12. Nxg6 fxg6 13. Qg4 O-O-O 14. h4 hxg5
15. hxg5 Rhf8 16. Bh3 Ba3 17. Bxa3 Qxa3 18. Qxe6 Nf4 19. Qg4 Qb2 20. Rd1 Nxh3
21. Qxh3 Qxc2 22. d4 Rf5 23. Rg2 Qxa2 24. Qh7 Nf8 25. Qxg7 Rd7 26. Qg8 Rh7 27.
e4 Qa6 28. Nc4 dxe4 29. Ke2 Rh3 30. Rg4 Rhf3 31. Rxe4 Rxf2+ 32. Kd3 R5f3+ 33.
Re3 Qb5 34. Kc3 a5 35. Rb1 Rxe3+ 36. Nxe3 Qe2 0-1

[Event "RUS-chT 13th"]
[Site "Sochi"]
[Date "2006.04.23"]
[Round "4"]
[White "Frolyanov, Dmitry"]
[Black "Kharlov, Andrei"]
[Result "1/2-1/2"]
[WhiteElo "2497"]
[BlackElo "2555"]
[PlyCount "158"]
[EventDate "2006.04.20"]
[EventType "team"]
[EventRounds "11"]
[EventCountry "RUS"]
[SourceTitle "CBM 111 ext"]
[Source "ChessBase"]
[SourceDate "2006.05.09"]
[SourceVersion "1"]
[SourceVersionDate "2006.05.09"]
[SourceQuality "1"]

1. e4 c5 2. Nf3 Nc6 3. Nc3 e5 4. Bc4 Be7 5. d3 d6 6. O-O Nf6 7. Ng5 O-O 8. f4
h6 9. Nf3 exf4 10. Bxf4 Be6 11. Nd5 Bxd5 12. exd5 Na5 13. Nh4 Nxc4 14. dxc4 Re8
15. Nf5 Bf8 16. Qd3 Qd7 17. Rad1 Ng4 18. Ng3 g6 19. Qd2 Bg7 20. h3 Bd4+ 21. Kh1
Be3 22. Qc3 Nf2+ 23. Rxf2 Bxf2 24. Bxh6 f5 25. Qf6 Kh7 26. Bf4 Rad8 27. Qh4+
Kg8 28. Bg5 Rc8 29. Bf6 Qh7 30. Qf4 Be3 31. Qxd6 Qc7 32. Qxc7 Rxc7 33. Nf1 Bf4
34. g3 Bd6 35. Rd2 Re1 36. Kg2 Kf7 37. Bg5 Ra1 38. a3 Rc8 39. Ne3 Re8 40. Kf2
Re4 41. h4 a6 42. c3 a5 43. Re2 a4 44. Rd2 Rb1 45. Re2 Ke8 46. Rd2 Kd7 47. h5
gxh5 48. Nxf5 Bf8 49. Ne3 Re8 50. Bf4 Bd6 51. Bxd6 Kxd6 52. Re2 Kd7 53. Kf3 h4
54. gxh4 Rh1 55. Kf2 Rh2+ 56. Ke1 Rxe2+ 57. Kxe2 Re4 58. h5 Rh4 59. Kd3 Rxh5
60. Nf1 Kd6 61. Nd2 Rh3+ 62. Ke2 Ke5 63. Nf3+ Kf4 64. Nd2 Rh2+ 65. Kd3 b6 66.
b3 axb3 67. Nxb3 Ra2 68. Nd2 Rxa3 69. Ne4 Ra8 70. Nd6 Rh8 71. Nb5 Rh3+ 72. Kc2
Ke3 73. Na7 Rh8 74. Nc6 Rh2+ 75. Kb3 Rd2 76. Ne5 Rd1 77. Kc2 Rg1 78. Kb3 Rd1
79. Kc2 Rd2+ 1/2-1/2

[Event "RUS-chT 13th"]
[Site "Sochi"]
[Date "2006.04.24"]
[Round "5"]
[White "Kharlov, Andrei"]
[Black "Sveshnikov, Evgeny"]
[Result "1-0"]
[WhiteElo "2555"]
[BlackElo "2524"]
[PlyCount "83"]
[EventDate "2006.04.20"]
[EventType "team"]
[EventRounds "11"]
[EventCountry "RUS"]
[SourceTitle "CBM 111 ext"]
[Source "ChessBase"]
[SourceDate "2006.05.09"]
[SourceVersion "1"]
[SourceVersionDate "2006.05.09"]
[SourceQuality "1"]

1. Nf3 d5 2. b3 Bg4 3. e3 e5 4. Bb2 f6 5. h3 Be6 6. c4 c6 7. Nc3 Bd6 8. Qc2 Ne7
9. cxd5 cxd5 10. Nb5 Nbc6 11. Nxd6+ Qxd6 12. Be2 Rc8 13. Qd1 d4 14. exd4 e4 15.
Nh2 Nxd4 16. O-O O-O 17. Bxd4 Qxd4 18. d3 e3 19. Nf3 Qb6 20. d4 Nd5 21. Bc4
Rfe8 22. Re1 Bf7 23. fxe3 Qc7 24. Qd2 Qg3 25. Rac1 a6 26. a4 Rc7 27. Re2 Rec8
28. a5 Re8 29. Rce1 Rce7 30. Qd3 Rd8 31. Qd2 Rde8 32. Kh1 Kh8 33. e4 Nf4 34.
Bxf7 Rxf7 35. Re3 Qg6 36. Nh4 Qh5 37. Nf5 Rd7 38. Qf2 Ne6 39. e5 fxe5 40. Rxe5
Qf7 41. d5 Nc7 42. Nd6 1-0

[Event "RUS-chT 13th"]
[Site "Sochi"]
[Date "2006.04.28"]
[Round "9"]
[White "Kharlov, Andrei"]
[Black "Deviatkin, Andrei"]
[Result "1/2-1/2"]
[WhiteElo "2555"]
[BlackElo "2531"]
[PlyCount "90"]
[EventDate "2006.04.20"]
[EventType "team"]
[EventRounds "11"]
[EventCountry "RUS"]
[SourceTitle "CBM 111 ext"]
[Source "ChessBase"]
[SourceDate "2006.05.09"]
[SourceVersion "1"]
[SourceVersionDate "2006.05.09"]
[SourceQuality "1"]

1. Nf3 d5 2. b3 Bg4 3. e3 e6 4. Bb2 Nd7 5. h3 Bh5 6. d3 Ngf6 7. Nbd2 Bg6 8. Nh4
Bd6 9. Be2 O-O 10. O-O a5 11. a3 c6 12. c4 Re8 13. Nxg6 hxg6 14. d4 Bb8 15. Bf3
e5 16. cxd5 cxd5 17. dxe5 Nxe5 18. g3 Ba7 19. Bg2 d4 20. Bxd4 Bxd4 21. exd4
Qxd4 22. Nc4 Qa7 23. Nxe5 Rxe5 24. Rc1 Qb6 25. Rc4 Rb5 26. Rc3 Rd8 27. Qc2 Qd6
28. a4 Rb4 29. Re1 Rd4 30. Rc7 b6 31. Bf1 Rd2 32. Qc4 Nd5 33. Rc8 Ne7 34. Rxd8+
Qxd8 35. Qb5 Qd4 36. Re2 Rxe2 37. Qe8+ Kh7 38. Bxe2 Nf5 39. Qxf7 Nxg3 40. Bc4
Qd1+ 41. Kg2 Nh5 42. Qe7 Qd4 43. Qe3 Qf6 44. Kg1 Qa1+ 45. Kh2 Qf6 1/2-1/2

[Event "RUS-chT 13th"]
[Site "Sochi"]
[Date "2006.04.29"]
[Round "10"]
[White "Tkachiev, Vladislav"]
[Black "Kharlov, Andrei"]
[Result "1-0"]
[WhiteElo "2643"]
[BlackElo "2555"]
[PlyCount "47"]
[EventDate "2006.04.20"]
[EventType "team"]
[EventRounds "11"]
[EventCountry "RUS"]
[SourceTitle "CBM 111 ext"]
[Source "ChessBase"]
[SourceDate "2006.05.09"]
[SourceVersion "1"]
[SourceVersionDate "2006.05.09"]
[SourceQuality "1"]

1. d4 d5 2. c4 e6 3. Nc3 Nf6 4. Nf3 dxc4 5. Bg5 Bb4 6. e4 c5 7. e5 h6 8. exf6
hxg5 9. fxg7 Rg8 10. Qc2 cxd4 11. Qh7 Ke7 12. Rd1 Nc6 13. Bxc4 Bd7 14. Nxd4
Nxd4 15. Rxd4 Qa5 16. O-O Bxc3 17. bxc3 Qe5 18. Qb1 Bc6 19. Re1 Qa5 20. Bxe6
Kf6 21. Bxf7 Kxf7 22. Qb3+ Kg6 23. Re6+ Kh7 24. Qc2+ 1-0

[Event "RUS-chT 13th"]
[Site "Sochi"]
[Date "2006.04.30"]
[Round "11"]
[White "Diachkov, Sergej"]
[Black "Kharlov, Andrei"]
[Result "1/2-1/2"]
[WhiteElo "2548"]
[BlackElo "2555"]
[PlyCount "31"]
[EventDate "2006.04.20"]
[EventType "team"]
[EventRounds "11"]
[EventCountry "RUS"]
[SourceTitle "CBM 111 ext"]
[Source "ChessBase"]
[SourceDate "2006.05.09"]
[SourceVersion "1"]
[SourceVersionDate "2006.05.09"]
[SourceQuality "1"]

1. Nf3 c5 2. c4 Nc6 3. d4 cxd4 4. Nxd4 g6 5. e4 Bg7 6. Be3 Nf6 7. Nc3 O-O 8.
Be2 b6 9. O-O Bb7 10. f3 Nh5 11. Kh1 Nxd4 12. Bxd4 Bxd4 13. Qxd4 Nf4 14. Rfd1
Nxe2 15. Nxe2 d6 16. Nc3 1/2-1/2

[Event "Nezhmetdinov Memorial 28th"]
[Site "Kazan"]
[Date "2006.06.01"]
[Round "1"]
[White "Iliushkin, Evgeny"]
[Black "Kharlov, Andrei"]
[Result "1/2-1/2"]
[WhiteElo "2274"]
[BlackElo "2555"]
[PlyCount "81"]
[EventDate "2006.06.01"]
[EventType "swiss"]
[EventRounds "9"]
[EventCountry "RUS"]
[SourceTitle "CBM 112 ext"]
[Source "ChessBase"]
[SourceDate "2006.07.14"]
[SourceVersion "1"]
[SourceVersionDate "2006.07.14"]
[SourceQuality "1"]

1. d4 Nf6 2. c4 e6 3. Nf3 d5 4. Nc3 Bb4 5. Qa4+ Nc6 6. cxd5 exd5 7. Bg5 h6 8.
Bxf6 Qxf6 9. a3 Bxc3+ 10. bxc3 O-O 11. e3 Qg6 12. Rc1 Rd8 13. Qc2 Qd6 14. Qb2
Bg4 15. Be2 Bxf3 16. Bxf3 Na5 17. Be2 c5 18. dxc5 Qxc5 19. O-O Rd6 20. Rfd1
Rad8 21. Qb4 Qc7 22. h3 Nc6 23. Qc5 b6 24. Qb5 g6 25. Bf3 Qd7 26. c4 Ne5 27.
Qxd7 Nxf3+ 28. gxf3 R8xd7 29. c5 bxc5 30. Rxc5 d4 31. Rxd4 Rxd4 32. exd4 Rxd4
33. Ra5 Rd7 34. f4 Kg7 35. Ra6 h5 36. Kg2 h4 37. Kf3 f5 38. a4 Kh6 39. a5 Re7
40. Rc6 Rb7 41. Ra6 1/2-1/2

[Event "Nezhmetdinov Memorial 28th"]
[Site "Kazan"]
[Date "2006.06.02"]
[Round "2"]
[White "Kharlov, Andrei"]
[Black "Reshetnikov, Alexey"]
[Result "1-0"]
[WhiteElo "2555"]
[BlackElo "2377"]
[PlyCount "47"]
[EventDate "2006.06.01"]
[EventType "swiss"]
[EventRounds "9"]
[EventCountry "RUS"]
[SourceTitle "CBM 112 ext"]
[Source "ChessBase"]
[SourceDate "2006.07.14"]
[SourceVersion "1"]
[SourceVersionDate "2006.07.14"]
[SourceQuality "1"]

1. d4 d5 2. c4 c6 3. Nf3 Nf6 4. e3 a6 5. Qc2 e6 6. Nbd2 Nbd7 7. b3 Be7 8. Bd3
c5 9. O-O cxd4 10. exd4 dxc4 11. bxc4 O-O 12. Bb2 b6 13. Ne5 Bb7 14. Rae1 Rc8
15. Qb1 g6 16. f4 Ne8 17. Re3 b5 18. c5 Nxc5 19. dxc5 Bxc5 20. Rfe1 Qa5 21. Nb3
Bxe3+ 22. Rxe3 Qb6 23. Ng4 h5 24. Bxg6 1-0

[Event "Nezhmetdinov Memorial 28th"]
[Site "Kazan"]
[Date "2006.06.03"]
[Round "3"]
[White "Gubajdullin, Alexey"]
[Black "Kharlov, Andrei"]
[Result "0-1"]
[WhiteElo "2413"]
[BlackElo "2555"]
[PlyCount "82"]
[EventDate "2006.06.01"]
[EventType "swiss"]
[EventRounds "9"]
[EventCountry "RUS"]
[SourceTitle "CBM 112 ext"]
[Source "ChessBase"]
[SourceDate "2006.07.14"]
[SourceVersion "1"]
[SourceVersionDate "2006.07.14"]
[SourceQuality "1"]

1. Nc3 c5 2. e4 Nc6 3. Nf3 e5 4. Bc4 Be7 5. O-O Nf6 6. d3 O-O 7. a4 d6 8. Nd2
Be6 9. Nd5 Bxd5 10. exd5 Nb4 11. c3 Nbxd5 12. Qf3 Nc7 13. Bb3 d5 14. Re1 Bd6
15. c4 d4 16. Qxb7 Rb8 17. Qf3 Na6 18. Bd1 Nb4 19. Nf1 Ne8 20. Bd2 g6 21. b3
Ng7 22. Bxb4 Rxb4 23. Ra2 Bc7 24. Rae2 Rb8 25. Ng3 f5 26. h4 Ba5 27. Rf1 e4 28.
dxe4 f4 29. Nh1 d3 30. Ra2 Qd4 31. e5 Rbd8 32. h5 Nxh5 33. e6 Rfe8 34. Qb7 Rxe6
35. Qxa7 Bb4 36. Bg4 Ree8 37. a5 Ng3 38. Rfa1 d2 39. Kh2 Nxh1 40. Kxh1 Re1+ 41.
Kh2 Qxf2 0-1

[Event "Nezhmetdinov Memorial 28th"]
[Site "Kazan"]
[Date "2006.06.05"]
[Round "5"]
[White "Kharlov, Andrei"]
[Black "Isajevsky, Anton"]
[Result "1-0"]
[WhiteElo "2555"]
[BlackElo "2441"]
[PlyCount "79"]
[EventDate "2006.06.01"]
[EventType "swiss"]
[EventRounds "9"]
[EventCountry "RUS"]
[SourceTitle "CBM 112 ext"]
[Source "ChessBase"]
[SourceDate "2006.07.14"]
[SourceVersion "1"]
[SourceVersionDate "2006.07.14"]
[SourceQuality "1"]

1. e4 c5 2. Nf3 d6 3. d4 cxd4 4. Nxd4 Nf6 5. Nc3 a6 6. Be3 e5 7. Nf3 Be7 8. Bc4
O-O 9. O-O Nc6 10. Qe2 Na5 11. Bb3 Nxb3 12. axb3 h6 13. Rfd1 Qe8 14. Nd2 Qc6
15. f3 b5 16. Nf1 Be6 17. Bf2 b4 18. Na4 Rab8 19. Ne3 Rfc8 20. Bh4 Rb5 21. Rd3
g5 22. Bf2 Rbb8 23. Rad1 Kh8 24. g4 Nh7 25. R1d2 Nf8 26. Nd5 Bxd5 27. Rxd5 Ne6
28. Ra5 Rb5 29. Rxb5 axb5 30. Nb6 Nf4 31. Qe3 Re8 32. c4 h5 33. gxh5 Bd8 34.
Nd5 bxc4 35. bxc4 Qxc4 36. b3 Qc8 37. Bg3 Qa6 38. Qe1 Bb6+ 39. Kh1 Bd4 40. Nc7
1-0

[Event "Nezhmetdinov Memorial 28th"]
[Site "Kazan"]
[Date "2006.06.06"]
[Round "6"]
[White "Kabanov, Nikolai"]
[Black "Kharlov, Andrei"]
[Result "1/2-1/2"]
[WhiteElo "2504"]
[BlackElo "2555"]
[PlyCount "58"]
[EventDate "2006.06.01"]
[EventType "swiss"]
[EventRounds "9"]
[EventCountry "RUS"]
[SourceTitle "CBM 112 ext"]
[Source "ChessBase"]
[SourceDate "2006.07.14"]
[SourceVersion "1"]
[SourceVersionDate "2006.07.14"]
[SourceQuality "1"]

1. Nf3 d5 2. b4 Bg4 3. Bb2 Nd7 4. e3 e6 5. c4 c6 6. a3 Ngf6 7. h3 Bxf3 8. Qxf3
Bd6 9. cxd5 cxd5 10. Nc3 O-O 11. Qd1 Be5 12. d4 Bd6 13. Bd3 Nb6 14. Qe2 Rc8 15.
O-O Nc4 16. Rfc1 Qd7 17. e4 Bf4 18. Rd1 Nxb2 19. Qxb2 Qc6 20. Ne2 dxe4 21. Nxf4
exd3 22. Rac1 Qd6 23. Nxd3 Rcd8 24. Ne5 Nd5 25. Qb3 Qe7 26. Qf3 Rd6 27. Rc5 Re8
28. g3 Qf6 29. Qe4 Qe7 1/2-1/2

[Event "Nezhmetdinov Memorial 28th"]
[Site "Kazan"]
[Date "2006.06.07"]
[Round "7"]
[White "Kharlov, Andrei"]
[Black "Kornev, Alexei"]
[Result "1-0"]
[WhiteElo "2555"]
[BlackElo "2575"]
[PlyCount "57"]
[EventDate "2006.06.01"]
[EventType "swiss"]
[EventRounds "9"]
[EventCountry "RUS"]
[SourceTitle "CBM 112 ext"]
[Source "ChessBase"]
[SourceDate "2006.07.14"]
[SourceVersion "1"]
[SourceVersionDate "2006.07.14"]
[SourceQuality "1"]

1. d4 Nf6 2. c4 g6 3. Nc3 Bg7 4. Bg5 O-O 5. Nf3 d6 6. e3 c5 7. d5 h6 8. Bh4 e5
9. Nd2 Na6 10. Bd3 Qd7 11. h3 Nh7 12. g4 f5 13. gxf5 gxf5 14. Rg1 e4 15. Be2
Kh8 16. a3 Nc7 17. Qc2 Qf7 18. O-O-O Bd7 19. f3 exf3 20. Bxf3 b5 21. Ne2 Bf6
22. Nf4 Ng5 23. Bh5 Qg7 24. Ng6+ Kh7 25. Nxf8+ Rxf8 26. Bxg5 hxg5 27. h4 Rb8
28. hxg5 Be5 29. Bf7 1-0

[Event "Nezhmetdinov Memorial 28th"]
[Site "Kazan"]
[Date "2006.06.09"]
[Round "9"]
[White "Khismatullin, Denis"]
[Black "Kharlov, Andrei"]
[Result "1-0"]
[WhiteElo "2584"]
[BlackElo "2555"]
[PlyCount "47"]
[EventDate "2006.06.01"]
[EventType "swiss"]
[EventRounds "9"]
[EventCountry "RUS"]
[SourceTitle "CBM 112 ext"]
[Source "ChessBase"]
[SourceDate "2006.07.14"]
[SourceVersion "1"]
[SourceVersionDate "2006.07.14"]
[SourceQuality "1"]

1. c4 c5 2. Nf3 Nf6 3. g3 d5 4. d4 dxc4 5. Qa4+ Nc6 6. dxc5 e5 7. Bg2 Bxc5 8.
Nxe5 Qd4 9. Bxc6+ Ke7 10. O-O Qxe5 11. Bg2 b5 12. Qa5 Be6 13. Nc3 b4 14. Nd5+
Bxd5 15. Bf4 Bxf2+ 16. Rxf2 Qe6 17. Qxb4+ Ke8 18. Rd1 Bxg2 19. Kxg2 Qc6+ 20.
Rf3 Ne4 21. Rd4 f5 22. Rxc4 Qe6 23. Re3 Kf7 24. Qb7+ 1-0

[Event "Izmailov Memorial op 10th"]
[Site "Tomsk"]
[Date "2006.07.12"]
[Round "1"]
[White "Kharlov, Andrei"]
[Black "Osipov, Vladimir"]
[Result "1-0"]
[WhiteElo "2549"]
[BlackElo "2257"]
[PlyCount "55"]
[EventDate "2006.07.12"]
[EventType "swiss"]
[EventRounds "9"]
[EventCountry "RUS"]
[SourceTitle "EXT 2008"]
[Source "ChessBase"]
[SourceDate "2007.11.25"]
[SourceVersion "1"]
[SourceVersionDate "2007.11.25"]
[SourceQuality "1"]

1. d4 c5 2. d5 e5 3. c4 d6 4. e4 Nd7 5. Nc3 Be7 6. g3 Ngf6 7. Bg2 a6 8. Nge2
Rb8 9. a4 b6 10. f4 h5 11. Bd2 h4 12. Nc1 Nh7 13. Nd3 Bf6 14. b4 exf4 15. gxf4
g5 16. e5 dxe5 17. f5 h3 18. Bxh3 Be7 19. bxc5 Bxc5 20. Nxc5 Nxc5 21. O-O Nf6
22. Bg2 Nh5 23. Qe2 f6 24. Bxg5 Rb7 25. Be3 Rg7 26. a5 Kf7 27. axb6 Nb3 28.
Rab1 1-0

[Event "Izmailov Memorial op 10th"]
[Site "Tomsk"]
[Date "2006.07.13"]
[Round "2"]
[White "Jumabayev, Rinat"]
[Black "Kharlov, Andrei"]
[Result "0-1"]
[WhiteElo "2401"]
[BlackElo "2549"]
[PlyCount "100"]
[EventDate "2006.07.12"]
[EventType "swiss"]
[EventRounds "9"]
[EventCountry "RUS"]
[SourceTitle "EXT 2008"]
[Source "ChessBase"]
[SourceDate "2007.11.25"]
[SourceVersion "1"]
[SourceVersionDate "2007.11.25"]
[SourceQuality "1"]

1. e4 c5 2. Nf3 Nc6 3. Nc3 e6 4. d4 cxd4 5. Nxd4 d6 6. Be2 Nf6 7. O-O Be7 8.
Kh1 O-O 9. f4 Nxd4 10. Qxd4 b6 11. Bc4 Bb7 12. f5 d5 13. exd5 exd5 14. Bb3 Bc5
15. Qh4 d4 16. Bg5 dxc3 17. Rad1 Qc7 18. Bxf6 Qc6 19. Bd5 Qxf6 20. Qxf6 gxf6
21. Bxb7 Rab8 22. b4 Bxb4 23. Rd7 Rbe8 24. Bd5 Re2 25. Bb3 a5 26. Rb7 Bc5 27.
a4 Kg7 28. g3 Rd8 29. Rxf7+ Kh8 30. Rxf6 Rdd2 31. Rh6 Kg7 32. Rh5 Be7 33. Kg1
Bf6 34. Kh1 h6 35. Rh3 Rxc2 36. Bxc2 Rxc2 37. g4 Rd2 38. Re3 c2 39. Ree1 Kf7
40. Rc1 Re2 41. Rg1 Bb2 42. Rcf1 Be5 43. Rg2 Rxg2 44. Kxg2 Bb2 45. Kf3 c1=Q 46.
Rxc1 Bxc1 47. Ke4 Kf6 48. Kd5 Be3 49. Kc6 Bc5 50. h3 Kg5 0-1

[Event "Izmailov Memorial op 10th"]
[Site "Tomsk"]
[Date "2006.07.14"]
[Round "3"]
[White "Kharlov, Andrei"]
[Black "Somkin, Evgeni"]
[Result "1/2-1/2"]
[WhiteElo "2549"]
[BlackElo "2367"]
[PlyCount "120"]
[EventDate "2006.07.12"]
[EventType "swiss"]
[EventRounds "9"]
[EventCountry "RUS"]
[SourceTitle "EXT 2008"]
[Source "ChessBase"]
[SourceDate "2007.11.25"]
[SourceVersion "1"]
[SourceVersionDate "2007.11.25"]
[SourceQuality "1"]

1. d4 d5 2. c4 c6 3. Nf3 Nf6 4. e3 e6 5. Bd3 Nbd7 6. O-O Be7 7. Nc3 b6 8. b3
Bb7 9. Bb2 O-O 10. Qe2 c5 11. Rfd1 Rc8 12. cxd5 Nxd5 13. Nxd5 exd5 14. Rac1 Bd6
15. h3 Qe7 16. Ba6 Bxa6 17. Qxa6 Nb8 18. Qa4 Rcd8 19. dxc5 Bxc5 20. Rd2 Bb4 21.
Rd4 Bc5 22. Rd3 Qb7 23. b4 Be7 24. a3 Nd7 25. Rcd1 b5 26. Qb3 Nb6 27. Nd4 Bf6
28. Ne2 Bxb2 29. Qxb2 Rd7 30. Nf4 Rfd8 31. Nh5 f6 32. Nf4 Qc6 33. Qb3 Kh8 34.
Rd4 Nc4 35. Nd3 Rd6 36. Nf4 Qa6 37. Ra1 Qb7 38. a4 a6 39. axb5 Qxb5 40. Qa4
Qxa4 41. Rxa4 Ne5 42. Rd2 h6 43. Ne2 Nc6 44. Rb2 Na7 45. Rba2 Nc6 46. Rxa6 Nxb4
47. Rxd6 Rxd6 48. Ra7 Ra6 49. Rxa6 Nxa6 50. Nf4 Nc7 51. Kf1 Kg8 52. Ke2 g5 53.
Nh5 Kf7 54. g4 Ne6 55. f3 Ng7 56. Ng3 Ke6 57. f4 f5 58. Kd3 fxg4 59. hxg4 Kf6
60. Ke2 Ke6 1/2-1/2

[Event "Izmailov Memorial op 10th"]
[Site "Tomsk"]
[Date "2006.07.15"]
[Round "4"]
[White "Iskusnyh, Sergei"]
[Black "Kharlov, Andrei"]
[Result "1/2-1/2"]
[WhiteElo "2506"]
[BlackElo "2549"]
[PlyCount "87"]
[EventDate "2006.07.12"]
[EventType "swiss"]
[EventRounds "9"]
[EventCountry "RUS"]
[SourceTitle "EXT 2008"]
[Source "ChessBase"]
[SourceDate "2007.11.25"]
[SourceVersion "1"]
[SourceVersionDate "2007.11.25"]
[SourceQuality "1"]

1. d4 d5 2. c4 c6 3. Nf3 Nf6 4. Nc3 e6 5. e3 a6 6. c5 Nbd7 7. b4 g6 8. Bd3 Bg7
9. O-O O-O 10. Bb2 Re8 11. h3 e5 12. dxe5 Nxe5 13. Nxe5 Rxe5 14. Na4 Re8 15.
Nb6 Rb8 16. Qd2 Nd7 17. Bxg7 Kxg7 18. Nxd7 Bxd7 19. Qb2+ Qf6 20. Qd4 Qxd4 21.
exd4 Bf5 22. Bxf5 gxf5 23. Rfe1 Re4 24. Rad1 Rbe8 25. Kf1 Kf6 26. Rxe4 Rxe4 27.
Rd3 f4 28. f3 Re6 29. a4 Kg5 30. Kf2 Kh4 31. b5 Re3 32. bxc6 bxc6 33. g3+ Kxh3
34. Rd1 Kh2 35. gxf4 Rb3 36. f5 h5 37. Rd2 h4 38. f6 h3 39. Re2 Rb4 40. a5 Rxd4
41. Ke3+ Kg3 42. Kxd4 h2 43. Re1 Kg2 44. Re2+ 1/2-1/2

[Event "Izmailov Memorial op 10th"]
[Site "Tomsk"]
[Date "2006.07.16"]
[Round "5"]
[White "Kharlov, Andrei"]
[Black "Pokazanjev, Nikolai"]
[Result "1/2-1/2"]
[WhiteElo "2549"]
[BlackElo "2449"]
[PlyCount "101"]
[EventDate "2006.07.12"]
[EventType "swiss"]
[EventRounds "9"]
[EventCountry "RUS"]
[SourceTitle "EXT 2008"]
[Source "ChessBase"]
[SourceDate "2007.11.25"]
[SourceVersion "1"]
[SourceVersionDate "2007.11.25"]
[SourceQuality "1"]

1. e4 e5 2. Nf3 Nc6 3. Bb5 a6 4. Ba4 Nf6 5. O-O Be7 6. Re1 b5 7. Bb3 d6 8. c3
O-O 9. d3 Na5 10. Bc2 c5 11. Nbd2 Nc6 12. Nf1 h6 13. h3 Re8 14. d4 cxd4 15.
cxd4 exd4 16. Nxd4 Nxd4 17. Qxd4 Be6 18. Ng3 Rc8 19. Bb3 Nd7 20. Bxe6 fxe6 21.
Bf4 Rc4 22. Qd2 d5 23. Qe2 Bh4 24. Qh5 Kh7 25. b3 Bxg3 26. bxc4 Bxf4 27. exd5
e5 28. cxb5 axb5 29. Rad1 Bg5 30. g3 Rf8 31. h4 Bf6 32. Qe2 Qb6 33. Rb1 Rb8 34.
Rec1 Kh8 35. Rc6 Qa5 36. Rbc1 Qa8 37. R1c2 e4 38. Qxe4 b4 39. Qf5 Rd8 40. Rc7
Ne5 41. Rd2 Qb8 42. d6 Qa8 43. Kf1 Re8 44. f3 Nxf3 45. Re2 Rf8 46. Rf2 Bd4 47.
Rf7 Rxf7 48. Qxf7 Qa6+ 49. Kg2 Ne1+ 50. Kh2 Bxf2 51. Qf8+ 1/2-1/2

[Event "Izmailov Memorial op 10th"]
[Site "Tomsk"]
[Date "2006.07.17"]
[Round "6"]
[White "Loskutov, Oleg"]
[Black "Kharlov, Andrei"]
[Result "0-1"]
[WhiteElo "2422"]
[BlackElo "2549"]
[PlyCount "108"]
[EventDate "2006.07.12"]
[EventType "swiss"]
[EventRounds "9"]
[EventCountry "RUS"]
[SourceTitle "EXT 2008"]
[Source "ChessBase"]
[SourceDate "2007.11.25"]
[SourceVersion "1"]
[SourceVersionDate "2007.11.25"]
[SourceQuality "1"]

1. e4 e5 2. Nf3 Nc6 3. Bb5 Nf6 4. O-O Nxe4 5. Re1 Nd6 6. Nxe5 Nxe5 7. Rxe5+ Be7
8. Bf1 O-O 9. d4 Bf6 10. Re1 Nf5 11. c3 d5 12. Bd3 Nh4 13. g3 Ng6 14. Qh5 Re8
15. Be3 c6 16. Nd2 Bd7 17. Kg2 Qc8 18. h3 Nf8 19. g4 Qd8 20. Nf3 g6 21. Qh6 Ne6
22. Rad1 a5 23. Bc1 Bg7 24. Qd2 c5 25. dxc5 Nxc5 26. Qg5 Rxe1 27. Qxd8+ Rxd8
28. Nxe1 d4 29. cxd4 Nxd3 30. Rxd3 Bb5 31. Ra3 Bxd4 32. Rxa5 Bc6+ 33. Nf3 Re8
34. Kg3 Bb6 35. Ra3 Re2 36. Be3 Bc7+ 37. Kg2 f6 38. Bd4 Kf7 39. g5 fxg5 40. Kf1
Bb5 41. Nxg5+ Ke7 42. Kg2 Bf4 43. Nf3 Bc6 44. Kf1 Rc2 45. Ne1 Rc4 46. Rd3 Bb5
47. Rb3 Bc6 48. Rd3 Ra4 49. Bc5+ Ke6 50. Ra3 Rc4 51. Nd3 Bg5 52. Be3 Bf6 53.
Rb3 Be7 54. Rc3 Rh4 0-1